书目信息 |
| 题名: |
改变世界的三大革命
|
|
| 作者: | 斯珀林 著 ;石耀东 译 | |
| 分册: | ||
| 出版信息: | 北京 中国发展出版社 2021.02 |
|
| 页数: | 266页 | |
| 开本: | 24cm | |
| 丛书名: | ||
| 单 册: | ||
| 中图分类: | F503 | |
| 科图分类: | ||
| 主题词: | 交通运输发展--jiao tong yun shu fa zhan--研究 | |
| 电子资源: | ||
| ISBN: | 978-7-5177-1166-7 | |
| 000 | 01141nam0 2200241 450 | |
| 001 | 011025154450 | |
| 005 | 20221025154450.0 | |
| 010 | @a978-7-5177-1166-7@dCNY88.00 | |
| 100 | @a20201004d2021 em y0chiy0120 ea | |
| 101 | 1 | @achi@ceng |
| 102 | @aCN@b110000 | |
| 105 | @aa z 000yy | |
| 106 | @ar | |
| 200 | 1 | @a改变世界的三大革命@Agai bian shi jie de san da ge ming@e自动化、共享化和电动化车辆如何改变我们的现在和未来@dThree revolutions@esteering automated, shared, and electric vehicles to a better future@f(美) 丹尼尔·斯珀林(Daniel Sperling) 著@g石耀东译@zeng |
| 210 | @a北京@c中国发展出版社@d2021.02 | |
| 215 | @a266页@c图@d24cm | |
| 330 | @a本书共八章,主要内容包括:交通革命使我们的生活变得更好还是更糟、推动面向21世纪的公共交通系统升级、缩小在交通出行上的贫富差距、重塑汽车工业等。 | |
| 510 | 1 | @aThree revolutions@esteering automated, shared, and electric vehicles to a better future@zeng |
| 606 | 0 | @a交通运输发展@Ajiao tong yun shu fa zhan@x研究 |
| 690 | @aF503@v5 | |
| 701 | 0 | @c(美)@a斯珀林@Asi po lin@g(Sperling, Daniel)@4著 |
| 702 | 0 | @a石耀东@Ashi yao dong@c(经济工作)@4译 |
| 905 | @a河南城建学院图书馆@dF503@eD154 | |
| 改变世界的三大革命:自动化、共享化和电动化车辆如何改变我们的现在和未来=Three revolutions:steering automated, shared, and electric vehicles to a better future/(美) 丹尼尔·斯珀林(Daniel Sperling) 著/石耀东译.-北京:中国发展出版社,2021.02 |
| 266页:图;24cm |
| ISBN 978-7-5177-1166-7:CNY88.00 |
| 本书共八章,主要内容包括:交通革命使我们的生活变得更好还是更糟、推动面向21世纪的公共交通系统升级、缩小在交通出行上的贫富差距、重塑汽车工业等。 |
| ● |
| 相关链接 |
|
|
|
正题名:改变世界的三大革命
索取号:F503/D154
 
预约/预借
| 序号 | 登录号 | 条形码 | 馆藏地/架位号 | 状态 | 备注 |
| 1 | 1590320 | 215903208 | 社科库409/409社科库 37排6列1层/ [索取号:F503/D154] | 在馆 |